| 000 | 02076nam a2200481 i 4500 | ||
|---|---|---|---|
| 001 | DIGECOED0087 | ||
| 003 | NyNyDIG | ||
| 008 | 201008s2007 ck a ob 000 0 spa d | ||
| 006 | m o d | ||
| 007 | cr ||||||||||| | ||
| 035 | _a(OCoLC)1200536095 | ||
| 040 |
_aDGITA _beng _erda _epn _cDGITA |
||
| 020 |
_a9789587712414 _qeBook |
||
| 020 |
_a9587712412 _qeBook |
||
| 020 | _z9789586484930 | ||
| 020 | _z9586484939 | ||
| 050 | 1 | 4 | _aGE320.C7 ebook |
| 082 | 0 | 4 | _a363.7009861 |
| 100 | 1 |
_aPardavé Livia, Walter, _d1966- _eauthor. |
|
| 245 | 1 | 0 |
_aEstrategias ambientales de las 3R a las 10R : _breordenar, reformular, reducir, reutilizar, refabricar, reciclar, revalorizar energéticamente, rediseñar, recompensar, renovar / _cWalter Pardavé Livia. |
| 264 | 1 |
_aBogotá, D.C. : _bEcoe Ediciones, _c[2007] |
|
| 300 |
_a1 online resource. : _billustrations. |
||
| 336 |
_atext _btxt _2rdacontent |
||
| 337 |
_acomputer _bc _2rdamedia |
||
| 338 |
_aonline resource _bcr _2rdacarrier |
||
| 347 |
_atext file _2rdaft |
||
| 347 | _bPDF | ||
| 490 | 1 | _aColección: Ciencias naturales. Área: Ecología y medio ambiente | |
| 504 | _aIncludes bibliographical references. | ||
| 588 | 0 | _aOnline resource; title from PDF title page (Digitalia, viewed October 8, 2020) | |
| 650 | 0 |
_aIndustrial management _xEnvironmental aspects _zColombia. |
|
| 650 | 0 |
_aStrategic planning _xEnvironmental aspects _zColombia. |
|
| 650 | 0 |
_aEnvironmental management _zColombia. |
|
| 650 | 0 |
_aEnvironmental policy _zColombia. |
|
| 655 | 0 | _aElectronic books. | |
| 791 | 2 |
_aDigitalia (Firm), _edistributor. |
|
| 793 | 0 |
_gDigitalia eBook Collection: _aEcoe Ediciones |
|
| 776 | 0 | 8 |
_iPrint version: _aPardavé Livia, Walter, 1966- _tEstrategias ambientales de las 3R a las 10R. _bPrimera edición. _dBogotá : ECOE, 2007 _z9789586484930 _w(OCoLC)275173362 |
| 830 | 0 |
_aColección Ciencias naturales (ECOE Ediciones). _pÁrea Ecología y medio ambiente. |
|
| 856 | 4 | 0 |
_3Digitalia Hispánica _uhttps://www.digitaliapublishing.com/a/29935/ |
| 910 | _aPremium collection: 2020 | ||
| 942 | _cRAA | ||
| 999 |
_c240115 _d240115 |
||